000 00496nam a2200205Ia 4500
008 240510s9999 xx 000 0 und d
020 _a0001558605762
041 _aEng
082 _a005.756
082 _bC24
100 _aCELKOS J.:
245 0 _aSQL FOR SMARTIES : ADVANCED SQL PROGRAMMING
250 _a2nd ed.
260 _bTOKYO : MORGAN KAUFMANN
260 _c2000
300 _a553 p.
650 _aSQL : DATABASE MANAGEMENT :QUERY LANGUAGES
942 _2ddc
942 _cRBK
999 _c26449
_d26449
945 _a1
_bMadushi Gamage
_c1
_dMadushi Gamage